000 01094cam a22001814a 4500
005 20250605164144.0
008 250528s ||||||||||||||||||||||||d
035 _a19075
040 _aGR-AtMCL
_bgre
_dGR-AtMCL
_eAACR2
245 1 _aΙστορία του Νοσηλευτικού Επαγγέλματος / Διεθνής - Ελληνική
260 _bΑθήνα,
_c1991
300 _a168
520 _aΠρόλογος, Εισαγωγή, Από την Εμφάνιση του Ανθρώπου στη Γη μέχρι το 1.200 π.Χ., Το Απόγειο των Αρχαίων Πολιτισμών μέχρι το Μεσαίωνα (1.200 π.Χ. - 1.200 μ.Χ.) Ο Μεσαίωνας (500 - 1.200 μ.Χ.), Οι Άνθρωποι και τα Προβλήματα τουε - Οι Τόποι Παροχής Υπηρεσιών και οι Νοσηλευτικές Ομάδες από το 1.300 και Μετά, Η Νεώτερη Ελλάδα, Επίλογος, Περιεχόμενα.
700 1 _aΡουσσου Χαρη Ν
_95336
942 _cBK
999 _c4358
_d4358